000 01358nam a2200289 i 4500
001 bg
245 0 0 _aZałączniki do wstępnego projektu Narodowego Planu Rozwoju 2007-2013.
246 1 4 _aNarodowy Plan Rozwoju :
_bwstępny projekt 2007-2013 : załączniki
246 1 4 _aNarodowy Plan Rozwoju 2007-2013
260 _aWarszawa :
_bMinisterstwo Gospodarki i Pracy. Departament Koordynacji Polityki Strukturalnej. Instytucja Zarządzająca Podstawami Wsparcia Wspólnoty,
_c2005.
300 _a73 s. :
_btabl. ;
_c30 cm.
500 _aU góry okł.: Narodowy Plan Rozwoju 2007-2013.
504 _a"Wykaz ekspertyz i innych opracowań wykorzystanych przy przygotowaniu wstępnego projektu Narodowego Planu Rozwoju 2007-2013" s. 39-40.
504 _a"Wykaz dokumentów strategicznych będących podstawą opracowania wstępnego projektu Narodowego Planu Rozwoju 2007-2013" s. 35.
536 _a"Publikacja współfinansowana ze środków Europejskiego Funduszu Rozwoju Regionalnego w ramach Programu Operacyjnego Pomoc Techniczna"
650 9 _aRozwój gospodarczy
_xprojekty
_zPolska
_y1990-.
650 9 _aEkonomia
655 _aSłowniki
020 _a8374510234
040 _cBPK
041 0 _apol
044 _aPOL
080 _a346.51:338.26](438)
920 _a83-7451-023-4
942 _cKS
008 100825s2005 pl |000 0 pol
999 _c49595
_d49595
856 _uhttp://koha.tu.koszalin.pl/cgi-bin/koha/opac-detail.pl?biblionumber=49595
_yKatalog online BPK